| 000 | 00623nam a22002057a 4500 | ||
|---|---|---|---|
| 008 | 150601b xxu||||| |||| 00| 0 eng d | ||
| 020 | _a9780134893600 | ||
| 041 | 0 | _aeng | |
| 080 | _a159.923 BEE | ||
| 100 |
_aBeebe, Steven A., _d1950- |
||
| 245 | 0 |
_aInterpersonal communication : _cSteven A. Beebe, Susan J. Beebe, Mark V. Redmond. |
|
| 260 |
_aBoston : _bAllyn & Bacon, _cc1996. |
||
| 300 |
_a505 f _bme il _c25 cm. |
||
| 500 | _aindex | ||
| 500 | _abiblografi | ||
| 650 | 0 |
_aInterpersonal communication _vTextbooks. |
|
| 700 | _aBeebe, Susan J. | ||
| 700 | _aRedmond, Mark V., | ||
| 942 |
_2udc _cBK |
||
| 999 |
_c956 _d956 |
||